| 000 | 00440nam a22001697a 4500 | ||
|---|---|---|---|
| 005 | 20250306165610.0 | ||
| 010 | _aENG-143984 | ||
| 020 |
_a9788189975364 _c455.00 |
||
| 035 | _aEN-127516 | ||
| 037 | _bDBAD | ||
| 082 | _aN | ||
| 100 |
_aMirza , Saeed _979363 |
||
| 245 |
_aAmmi letter to a democractic mother / _cby Saeed Mirza |
||
| 260 |
_bTranquebar _c2013 _aNew Delhi |
||
| 300 |
_a385p. _c20cm(pbk) |
||
| 942 |
_2ddc _cEN _hN _mMIR |
||
| 999 |
_c209706 _d209706 |
||